Alle 12 deutschen Bundespräsidenten - Statistiken

Allgemein
  • Dieses Quiz wurde 170 mal gespielt
  • Das Durchschnittsergebnis liegt bei 8 aus 12
Antwortstatistiken
Amtsjahre Partei Bundespräsident % Korrekt
seit 2017 SPD Frank Walter Steinmeier
97%
2012 - 2017 - Joachim Gauck
81%
2010 - 2012 CDU Christian Wulff
74%
1999 - 2004 SPD Johannes Rau
68%
1949 - 1959 FDP Theodor Heuss
68%
1974 - 1979 FDP Walter Scheel
67%
2004 - 2010 CDU Horst Köhler
65%
1984 - 1994 CDU Richard von Weizsäcker
63%
1994 - 1999 CDU Roman Herzog
59%
1969 - 1974 SPD Gustav Heinemann
50%
1979 - 1984 CDU Karl Carstens
50%
1959 - 1969 CDU Heinrich Lübke
44%
Keine übereinstimmenden Quizze gefunden
Verteilung der Resultate
Anzahl Personen mit jedem Resultat
Perzentil nach korrekt beantworteten Fragen
Ihre Resultats-Entwicklung
Sie haben dieses Quiz noch nicht gespielt